000 00408nam a2200145 i 4500
001 bg
100 1 _aLEWANDOWSKI, Jerzy
245 0 _aEksploatacja i niezawodność obiektów technicznych o ciągłym procesie /
_cJ. Lewandowski, Z. Kikiewicz.
260 _aBydgoszcz,
_c1989.
700 1 _aKIKIEWICZ, Zbigniew
040 _cBPK
041 _apol
942 _cKS
008 s pl f |000 0 pol
999 _c4021
_d4021
856 _uhttp://koha.tu.koszalin.pl/cgi-bin/koha/opac-detail.pl?biblionumber=4021
_yKatalog online BPK